Quizzes
Events
Quiz Creation
Community
Videos
Private Events
Remove Ads
Sign In
Join for FREE
Feedback
Dark Mode
Quiz Categories
Sports
Geography
Music
Movies
Television
Just For Fun
Miscellaneous
History
Literature
Language
Science
Gaming
Entertainment
Religion
Holiday
For Kids
Quiz Lab
Recent
Popular Today
Quiz Kudos Today
Editor Picks
Curator Picks
Quizzes by...
Day
Popularity
Type
Ratings
Length
Year
Community
Subscriptions
Recent Discussions
Orange Saloon
Badges
Playlists
Quests
Create
Leaderboards
Showdown
Live 5
Trivia Bingo
Activity
Puzzle Library
Sporcle Events
Private Events
Virtual Trivia
Globe League
Become a Host
Pub Owners
SporcleCon
Opinionation
Our Games
Videos
Blog
Mobile Apps
Partnerships
Remove Ads and Go Orange
Feedback
Television
TV Characters
TV Show
Sitcom
Network
Friends
Reality Shows
Cast
South Park
Star Trek
The Simpsons
Doctor Who
Television
TV Characters
TV Show
Sitcom
Network
Friends
Reality Shows
Cast
South Park
Star Trek
The Simpsons
Doctor Who
Random Quiz
Search Sporcle
×
Quiz Lab
Quiz Lab
Television
Ministry
Type in answers that appear in a list
Type in answers that appear in a list
Classic
Best Score? Go Orange.
Name the TV Miniseries Stats
Can you name the TV miniseries?
By
angbeen
6m
7 Questions
47 Plays
47 Plays
47 Plays
Comments
Comments
Give Quiz Kudos
Give Quiz Kudos
-
- Ratings
hide this ad
Forced Order
Answers have to be entered in order
Answers have to be entered in order
Replay
Link that replays current quiz
Next Quiz
Link to next quiz in quiz playlist
You Got
0%
They Got
Avg Score
42%
Avg Friend Score
Upgrade to see
Score Distribution
Jump to the score distribution portion of the page
Score
0/7
Timer
06:00
0
Plays Today
Synopsis
Miniseries
% Correct
Generations of one family spanning from Africa to post-
Civil War America
Roots
87.2%
HBO WWII drama
Band of Brothers
74.5%
The other HBO WWII drama
The Pacific
48.9%
The story of two friends torn apart by war
North and South
29.8%
Another HBO war drama, this time set in the 21st century
Generation Kill
23.4%
A different take on a childhood classic film
Tin Man
21.3%
A different take on a childhood classic book
Alice
10.6%
Quiz Playlist
Details
Report
Send in Message
Add To Playlist
Classic:
Type in answers that appear in a list
Forced Order:
Answers have to be entered in order
Last Updated: Feb 16, 2017
Quiz Scoreboard
CHALLENGE
Sign Up to Join the Scoreboard
Show All
Scores
Hide
Comments
May contain spoilers
Recently Published
Three Word 'G' Movies Match Up
by ddd62291
Movies
5m
NFL Player Resume by Logo III
by jimbaz
Sports
4m
Unbox the Countries of South America
by GeoEarthling
Geography
30s
More to Explore
Quiz From the Vault
Featured Blog Post
What’s the Difference Between Venom and Poison?
hide this ad
You Might Also Like...
Tags
Ministry
Today's Top Quizzes in Television
Browse Television
hide this ad
Top Contributed Quizzes in Television
1
Star Trek TNG Criteria Characters
2
Grey's Anatomy Logic Puzzle
3
Criteria Quiz: Star Trek: The Original Series
4
Demon Slayer Impossible Quiz
5
Criteria Quiz: 1960's TV
6
Supernatural Logic Puzzle
7
Grey's Anatomy Logic Puzzle
8
Avatar Sorting Blitz (ATLA)
9
Shameless US Quotes
10
Emmerdale Characters (from August 2012)
Explore More
Trending Topics
Crossword
Marvel
Disney
Kpop
NBA
Harry Potter
Anime
NFL
WWE
Country
The Office
Puzzle
Pokémon
Soccer
Song
hide this ad
More By:
angbeen
Quiz
Plays
Rating
Category
Featured
Created
Name the TV Miniseries
47
Television
Jun 25, 2010
Go to Creator's Profile
Score Distribution
Quiz Creator Spotlight
angbeen
Follow
Send a Message
Quizzes Created
-
Created Quiz Play Count
-
More By This Creator
Popular Quizzes Today
1
Find the US States - No Outlines Minefield
2
Three Word 'G' Movies Match Up
3
NFL Player Resume by Logo III
4
The Countries of the World
5
Unbox the Countries of South America
6
Find the US States
7
Countries of South America
8
Criteria Quickie: Cartoon Taxonomy
More Television Quizzes
7 Paragons of the Arrowverse
Quiz Lab
Trending Quizzes
Pride Flag Pick II
NFL Player Resume by Logo II
Speed Poker: 30 Hands in 60 Seconds
Three Word 'B' Movies Match Up
NFL Player Resume by Logo
Recently Updated
F. Scott Fitzgerald Novels
LTH
Pick 3 Villains
ddd62291
This, But Not That XII
gazzso
Queen Singles by Letter
pecheneg
MCU Movie by Villain
pecheneg
Who Owns What
pecheneg
Company Headquarters (US)
pecheneg
Renamed Companies
pecheneg
John Williams Oscar Noms
LTH
Big 4 Worst of the Decade (2010s)
Hejman
Trending Topics
Harry Potter
NBA
Marvel
Crossword
Disney
Kpop
Anime
The Office
Pokémon
Song
Puzzle
NFL
Country
WWE
Soccer
Your Account Isn't Verified!
In order to create a playlist on Sporcle, you need to verify the email address you used during registration. Go to your
Sporcle Settings
to finish the process.
Report this User
Report this user for behavior that violates our
Community Guidelines
.
Details:
Send Report
Go to the Sporcle.com Mobile Site →
Comments